Southville International School and Colleges
Your cart is empty.
  • Cart
  • Lists
    Public lists Eva Luna New books Lux_list list_1
    Your lists Log in to create your own lists
  • Log in to your account
  • Your cookies
  • Search history
Southville International School and Colleges
  • Advanced search
  • Recent comments
  • Most popular
  • Libraries

Log in to your account

Log in with GOOGLE


If you do not have an external account, but do have a local account, you can still log in:

  1. Home
  2. MARC view: Kagila-gilalas na kahon /
Normal view MARC view ISBD view

Kagila-gilalas na kahon / (Record no. 104160)

[ view plain ]
MARC details
000 -LEADER
fixed length control field 00484nam a2200169 a 4500
005 - DATE AND TIME OF LATEST TRANSACTION
control field 20140412111314.0
008 - FIXED-LENGTH DATA ELEMENTS--GENERAL INFORMATION
fixed length control field 001109s19uu xx 00 eng d
020 ## - INTERNATIONAL STANDARD BOOK NUMBER
International Standard Book Number 971-529-023-X
050 ## - LIBRARY OF CONGRESS CALL NUMBER
Classification number Fil E
Item number Ka11 1999
100 ## - MAIN ENTRY--PERSONAL NAME
Personal name Villanueva, Rene O.
245 ## - TITLE STATEMENT
Title Kagila-gilalas na kahon /
Statement of responsibility, etc ni Rene O. Villanueva ; guhit ni Beth Parrocha.
260 ## - PUBLICATION, DISTRIBUTION, ETC. (IMPRINT)
Place of publication, distribution, etc Manila :
Name of publisher, distributor, etc UNICEF,
Date of publication, distribution, etc 1999.
300 ## - PHYSICAL DESCRIPTION
Extent [27] p. ; ill.
650 ## - SUBJECT ADDED ENTRY--TOPICAL TERM
Topical term or geographic name as entry element Short story
650 ## - SUBJECT ADDED ENTRY--TOPICAL TERM
Topical term or geographic name as entry element Children stories
Holdings
Withdrawn status Lost status Damaged status Use restrictions Home library Current library Shelving location Date acquired Source of acquisition Total Checkouts Full call number Barcode Date last seen Price effective from Koha item type
        Elizalde Library Elizalde Library Filipiniana Section 11/09/2000     Fil E Ka11 1999 E6788 04/12/2014 04/12/2014 Books

Kagila-gilalas na kahon /

APA

Villanueva R. O., . (1999). Kagila-gilalas na kahon. Manila: UNICEF.

Chicago

Villanueva Rene O, . 1999. Kagila-gilalas na kahon. Manila: UNICEF.

Harvard

Villanueva R. O., . (1999). Kagila-gilalas na kahon. Manila: UNICEF.

MLA

Villanueva Rene O, . Kagila-gilalas na kahon. Manila: UNICEF. 1999.

  • Place hold
  • Print
  • Cite
  • Add to your cart (remove)
  • Save record
    BIBTEX Dublin Core MARCXML MARC (non-Unicode/MARC-8) MARC (Unicode/UTF-8) MARC (Unicode/UTF-8, Standard) MODS (XML) RIS
  • More searches
    Search for this title in:
    Other Libraries (WorldCat) Other Databases (Google Scholar) Online Stores (Bookfinder.com) Open Library (openlibrary.org)

Exporting to Dublin Core...

SOUTHVILLE LIBRARY

Southville International School and Colleges Library

1281 Tropical Ave. Cor. Luxembourg St., BF Homes International, Las Pinas City

Tel. No. 8256374 / 252358 Loc. 117/146

Powered by Koha